| 000 | 01576nam a22002537a 4500 | ||
|---|---|---|---|
| 999 |
_c22205 _d22205 |
||
| 003 | AR-CdUCM | ||
| 008 | 190425b ||||| |||| 00| 0 spa d | ||
| 040 |
_aMUNICIPALIDAD PROVINCIAL DEL CUSCO _cBIBLIOTECA MUNICIPAL DEL CUSCO |
||
| 082 | _aQeuña/N°1/2007 | ||
| 245 |
_aQ´euña : _brevista de la Sociedad Botánica del Cusco / _cSociedad Botánica del Cusco |
||
| 260 |
_aCusco. _bModerna, _c2007. |
||
| 300 |
_a60 páginas. : _bilustraciones ; _c28 cm. |
||
| 440 |
_aQ´euña. _nAño I, N°01, 2007. _947639 |
||
| 505 | _aContenido: Un nueva adición de Pleurothallinidae para la flora peruana y 4 nuevos reportes para el departamento del Cusco. -- Macromycetos de la microcuenca de Q´euña Zurite Anta. -- Flora invasora y colonizadora en el valle de la Convención Cusco. -- 20 años de cambios en los bosques del Sur oeste de la Amazonía. -- Avances en los estudios de los patrones fenológicos de cinco especies arbóreas de Tambopata Madre de Dios. -- Diversidad biológica del complejo arqueológico de Kantupata Santuario Histórico de Machupicchu. -- Conozcamos nuestros florestales nativos. -- Nuestras medicinales plantas medicinales. -- El Paiq´o y su utilidad en la comunidad de Pampa Anza Canchis. | ||
| 650 |
_aBotánica cusqueña _945807 |
||
| 650 |
_aBiodiversidad _919327 |
||
| 700 |
_aCalatayud Hermoza, Gloria _947640 |
||
| 700 |
_aDelgado Salazar, Jhoel _947641 |
||
| 700 |
_aZamalloa Acurio, Violeta _947642 |
||
| 700 |
_aTupayachi Herrera, Alfredo _920659 |
||
| 710 |
_aSociedad Botánica del Cusco _947643 |
||
| 942 |
_2ddc _cPP |
||
| 945 | _arac | ||